000
00334nam a2200145Ia 4500
008
210210b1952 xxu||||| |||| 00| 0 eng d
041
_a
eng
082
_a
828/659
100
_a
VON (Papeu Franz)
245
_a
Memoirs
260
_a
London
_b
Andre Deutsch Ltd.,
_c
1952
650
_a
Memoirs
690
_a
Biography
906
_a
016504
999
_c
136057
_d
136057